Propuesta de anteproyecto arquitectónico de un instituto de educación primaria y secundaria técnica sector agroindustrial, en la comarca Cofradía del municipio de Nindirí departamento de Masaya, con énfasis en la normativa ISO 14001-2015
La propuesta de diseño del anteproyecto arquitectónico de un instituto primaria secundaria técnica (sector agroindustrial), en la comarca cofradía del municipio de Nindirí, Masaya, con énfasis en la normativa ISO 14001-2015 con capacidad para 1292 alumnos, se desarrolló de tal manera que inte...
| Main Authors: | , , |
|---|---|
| Other Authors: | |
| Format: | Tesis Section = Libro |
| Language: | Undetermined Spanish |
| Published: |
Managua
UNI
2022
|
| Subjects: |
| LEADER | 01911nam a2200301Ia 4500 | ||
|---|---|---|---|
| 008 | 240830s9999 xx 000 0 und d | ||
| 040 | |a BIBLIOTECA-RUSB/ Mon 727 V252 | ||
| 041 | |a spa | ||
| 082 | |a Mon 727 V252 | ||
| 100 | 1 | |a Vanegas Mena, Annette Gabriela | |
| 100 | 1 | |b Villanueva Téllez, Lauren Odily | |
| 100 | 1 | |c Rodríguez Rugama, Tatiana de los Ángeles | |
| 245 | 1 | 0 | |a Propuesta de anteproyecto arquitectónico de un instituto de educación primaria y secundaria técnica sector agroindustrial, en la comarca Cofradía del municipio de Nindirí departamento de Masaya, con énfasis en la normativa ISO 14001-2015 |
| 260 | |a Managua |b UNI |c 2022 | ||
| 300 | |a 210 p. :il. | ||
| 500 | |a Contiene: anexos y CD. | ||
| 502 | |a Tesis (Arquitecto) - UNI, 2022. | ||
| 520 | 3 | |a La propuesta de diseño del anteproyecto arquitectónico de un instituto primaria secundaria técnica (sector agroindustrial), en la comarca cofradía del municipio de Nindirí, Masaya, con énfasis en la normativa ISO 14001-2015 con capacidad para 1292 alumnos, se desarrolló de tal manera que integrara criterios de diseño, criterios de normativas escolares, criterios bioclimáticos y criterios para certificación ISO 14001-2015 identificados en el análisis del marco conceptual, marco legal y análisis de los modelos análogos nacionales e internacionales que fueron de gran apoyo para desarrollar la propuesta, ya que, pudieron identificarse la aplicación y funcionamiento de criterios de diseño aplicados para la propuesta. | |
| 650 | 7 | |a CENTROS EDUCATIVOS-DISEÑO Y CONSTRUCCION | |
| 650 | 7 | |b ARQUITECTURA BIOCLIMATICA | |
| 650 | 7 | |c DISEÑO ARQUITECTONIUCO | |
| 650 | 7 | |d CONSTRUCCIONES SOSTENIBLES | |
| 650 | 7 | |e PLANIFICACION | |
| 650 | 7 | |f ARQUITECTURA - DISEÑOS Y PLANOS. | |
| 700 | 1 | |a Tutor: |b Treminio Sandoval, Juan Pablo | |
| 942 | |c BK |2 ddc | ||
| 991 | |a TESIS | ||
| 999 | |c 27486 | ||